Central Library and Information Centre
Sibsagar Girls' College, Sivasagar : Assam

SOLID GEOMETRY (Record no. 9647)

MARC details
000 -LEADER
fixed length control field 00406cam a2200181ua 4500
008 - FIXED-LENGTH DATA ELEMENTS--GENERAL INFORMATION
fixed length control field 120107n1999 II |||gr||||Z||||||eng
040 ## - CATALOGING SOURCE
Original cataloging agency MAIN
041 ## - LANGUAGE CODE
-- English
100 ## - MAIN ENTRY--PERSONAL NAME
Personal name DAS, H. K.
245 ## - TITLE STATEMENT
Title SOLID GEOMETRY
260 ## - PUBLICATION, DISTRIBUTION, ETC.
Place of publication, distribution, etc. NEW DELHI
Name of publisher, distributor, etc. S.CHAND & COMPANY
Date of publication, distribution, etc. 1999
300 ## - PHYSICAL DESCRIPTION
Extent 287.
700 ## - ADDED ENTRY--PERSONAL NAME
Personal name SAXENA, H. C.
700 ## - ADDED ENTRY--PERSONAL NAME
Personal name RAISINGHANIA, M. D.
942 ## - ADDED ENTRY ELEMENTS (KOHA)
Koha item type Books
653 ## - INDEX TERM--UNCONTROLLED
Uncontrolled term Geometry

No items available.



Sibsagar Girl's College © 2020. All rights reserved.
Powered by Koha.
Maintained by Abhijit Borpuzari.